00454nmm a2200145Ia 4500008004100000041000800041100002100049245006100070264005500131300001800186650002600204856005200230942000700282999001900289251105s9999||||xx |||||||||||||||||und|| aspa aTroncoso, Carmen 0aChile • Croacia 2024. Antología poética bilingüe a[Santiago de Chile, Chile] :bRil editores, c2024 a224 páginas aLatin American poetry uhttps://public.digitaliapublishing.com/a/172307 cCF c106923d106923